=LDR 00000nam 2200000 4500 =001 INLIS000000000051918 =005 20240624013225 =035 ##$$a 0010-0118000106 =007 ta =008 240624################g##########0#ind## =020 ##$$a 978 - 602 - 317 - -275 - 7 =082 ##$$a 028.5 =084 ##$$a 028.5 SIT c =100 #$$a Siti Anisah =245 1#$$a Cerita terbaik pembentuk budi pekerti : $b Seri pendidikan karakter /$c Siti Anisah =260 ##$$a Surakarta :$b Visi Mandiri,$c 2016 =300 ##$$a 144 hlm. : $b Ilus ; $c 24 cm. =500 ##$$a Biografi ; hlm. 144 =650 #4$$a Bacaan kanak - kanak =250 ##$$a cet. I =990 ##$$a 21705780 =990 ##$$a 21707579 =990 ##$$a 21705778 =990 ##$$a 21705777 =990 ##$$a 21705776 =990 ##$$a 21705779